| 000 | 00563nam a22001697a 4500 | ||
|---|---|---|---|
| 003 | OSt | ||
| 008 | 260629b |||||||| |||| 00| 0 eng d | ||
| 020 | _a9781032938035 | ||
| 082 |
_a519.535 _bH86M |
||
| 100 | _aHox, Joop J. | ||
| 245 | _aMultilevel Analysis: Techniques and Applications/ by Joop J. Hox, Mirjam Moerbeek, Rens Van De Schoot | ||
| 260 |
_aNew York : _bRoutledge, _cxv, 347 p. |
||
| 650 | _aPure Sciences | Mathematics | Statistics | Multivariate Analysis | ||
| 700 | _aMoerbeek, Mirjam | ||
| 700 | _aSchoot, Rens Van De | ||
| 942 |
_2ddc _cBK |
||
| 999 |
_c52423 _d52423 |
||